Windows presentation foundation in .NET 3.0 / (رقم التسجيلة. 179652)

تفاصيل مارك
000 -LEADER
fixed length control field 01068namaa22003251i 4500
003 - CONTROL NUMBER IDENTIFIER
control field EG-GICUC
005 - DATE AND TIME OF LATEST TRANSACTION
control field 20260423133700.0
008 - FIXED-LENGTH DATA ELEMENTS--GENERAL INFORMATION
fixed length control field 260421s2007 uc a|||jr|||| 001 0 eng d
020 ## - INTERNATIONAL STANDARD BOOK NUMBER
International Standard Book Number 9781590597828
020 ## - INTERNATIONAL STANDARD BOOK NUMBER
International Standard Book Number 1590597826
040 ## - CATALOGING SOURCE
Original cataloging agency EG-GiCUC
Language of cataloging eng
Transcribing agency EG-GiCUC
Modifying agency EG-GiCUC
Description conventions rda
082 04 - DEWEY DECIMAL CLASSIFICATION NUMBER
Edition number 21
Classification number 005.2768
Item number M1457
092 04 - LOCALLY ASSIGNED DEWEY CALL NUMBER (OCLC)
Edition number 21
Classification number 005.2768
Item number M1457
099 ## - LOCAL FREE-TEXT CALL NUMBER (OCLC)
Classification number 005.2768 M1457
100 1# - MAIN ENTRY--PERSONAL NAME
Personal name MacDonald, Matthew
Relator term مؤلف.
245 10 - TITLE STATEMENT
Title Windows presentation foundation in .NET 3.0 /
Statement of responsibility, etc. Matthew MacDonald
250 ## - EDITION STATEMENT
Edition statement 1st Anchor Books ed.
264 ## - PRODUCTION, PUBLICATION, DISTRIBUTION, MANUFACTURE, AND COPYRIGHT NOTICE
Place of production, publication, distribution, manufacture New York :
Name of producer, publisher, distributor, manufacturer Springer
Date of production, publication, distribution, manufacture, or copyright notice 2007,
300 ## - PHYSICAL DESCRIPTION
Extent 980 pages
Other physical details ؛ Illustrations
Dimensions 24 سم
336 ## - CONTENT TYPE
Source rdacontent
Content type term text
337 ## - MEDIA TYPE
Source rdamedia
Media type term Unmediated
338 ## - CARRIER TYPE
Source rdacarrier
Carrier type term volume
504 ## - BIBLIOGRAPHY, ETC. NOTE
Bibliography, etc. note Bibliography: pages 933-980.
541 ## - IMMEDIATE SOURCE OF ACQUISITION NOTE
Source of acquisition وزارة الثقافة ؛
Address القاهرة ؛
Method of acquisition إهداء ؛
Date of acquisition 2023.
650 10 - SUBJECT ADDED ENTRY--TOPICAL TERM
Topical term or geographic name entry element User interfaces
Form subdivision Computer systems
700 1# - ADDED ENTRY--PERSONAL NAME
Personal name Ewan Buckingham
Relator term Reviewer.
700 1# - ADDED ENTRY--PERSONAL NAME
Personal name Christope Nasarre
Relator term Reviewer.
905 ## - Cataloger and Reviser Names
Cataloger Name Samah
942 ## - ADDED ENTRY ELEMENTS (KOHA)
Source of classification or shelving scheme Dewey Decimal Classification
Koha item type Books
Edition 21
Suppress in OPAC No
المقتنيات
Withdrawn status Lost status Source of classification or shelving scheme Damaged status Not for loan Home library Current library Date acquired Inventory number Total checkouts Full call number Barcode Date last seen Copy number Price effective from Koha item type
    Dewey Decimal Classification   Not for loan مكتبة جامعة القاهرة الاهلية قاعة الهندسة 21.04.2026 1   005.2768 M1457 C1 02010000100000 21.04.2026 C1 21.04.2026 Books
    Dewey Decimal Classification   Not for loan مكتبة جامعة القاهرة الاهلية قاعة الهندسة 21.04.2026 2   005.2768 M1457 C2   21.04.2026 C2 21.04.2026 Books
Cairo University Libraries Portal Implemented & Customized by: Eng. M. Mohamady Contacts: new-lib@cl.cu.edu.eg | cnul@cl.cu.edu.eg
CUCL logo CNUL logo
© All rights reserved — Cairo University Libraries
CUCL logo
Implemented & Customized by: Eng. M. Mohamady Contact: new-lib@cl.cu.edu.eg © All rights reserved — New Central Library
CNUL logo
Implemented & Customized by: Eng. M. Mohamady Contact: cnul@cl.cu.edu.eg © All rights reserved — Cairo National University Library